LEADER 00998nam a2200241 i 4500 001 000000059150 003 CaOOAMICUS 005 20100505000000.0 008 100505s1951 it u000 u ita u 013 $a30322 040 $aSeMil$bita 245 13$aLe religioni del mondo /$cesposte da Allevi ... [et al.] ; a cura di Nicola Turchi. 250 $a2. ed. riveduta e ampliata. 260 $aRoma :$bColetti,$c1951. 300 $aVII, 719 p. ;$c26 cm. 650 4$aReligioni - Enciclopedie e dizionari.$0(OLS)http://semarc/subject/265 650 4$aReligioni - Manuali.$0(OLS)http://semarc/subject/2235 700 1 $aTurchi, Nicola <1882-1958>.$0(OLS)http://semarc/name/6408 700 1 $aAllevi, Luigi <1873-1954>.$0(OLS)http://semarc/name/21497 850 $aSeMil 852 $aSeMil$W1$xVenegono$y1$m2X IV 276$j25303$B25303$CSeMilBibl$Z2$F25306 $81 996 $6245$aLe religioni del mondo$9(OLS)http://semarc/title/92377 996 $6260$aRoma :$bColetti$9(OLS)http://semarc/publisher/31497 LEADER 01248nam a2200277 i 4500 001 000000109762 003 CaOOAMICUS 005 20021113000000.0 008 021113s1988 it u000 u ita u 013 $a82443 020 $a88-7026-812-8 040 $aSeMil$bita 245 10$aMaria esule, itinerante, pia pellegrina :$bfigura della Chiesa in cammino. 260 $aPadova :$bMessaggero,$ccopyr. 1988. 300 $a317 p. ;$c21 cm. 490 0 $aSenza frontiere. Serie teologico-pastorale 500 $aIn mezzo al front. : Quaderni Universitari / Pontificia Commissio de Spirituali Migratorum atque Itinerantium Cura. - Fondo Card. C.M. Martini. 650 4$aMadonna - Studi.$0(OLS)http://semarc/subject/1437 830 0$aSenza frontiere. Serie teologico-pastorale.$0(OLS)http://semarc/title/10464 850 $aSeMil 852 $aSeMil$W1$xVenegono$y1$m2L I 157$j65705$B65705$CSeMilBibl$Z2$F73798 $81 941 1 $a4 961 $aOmaggio: Martini Card. Carlo Maria 996 $6020$a88-7026-812-8$9(OLS)http://semarc/number/91236 996 $6245$aMaria esule, itinerante, pia pellegrina :$bfigura della Chiesa in cammino$9(OLS)http://semarc/title/159396 996 $6260$aPadova :$bMessaggero$9(OLS)http://semarc/publisher/29786